Inside asia

Na minha lista:
Detalhes bibliográficos
Autor principal: Gunther, John
Formato: Livro
Idioma:Undetermined
Publicado em: London H. Hamilton 1942
Assuntos:
Tags: Adicionar Tag
Sem tags, seja o primeiro a adicionar uma tag!
Thư viện lưu trữ: Trung tâm Học liệu Trường Đại học Cần Thơ
LEADER 00470nam a2200181Ia 4500
001 CTU_91154
008 210402s9999 xx 000 0 und d
082 |a 950 
082 |b G977 
100 |a Gunther, John 
245 0 |a Inside asia 
245 0 |c John Gunther 
260 |a London 
260 |b H. Hamilton 
260 |c 1942 
650 |a Eastern question (far east),Eastern question 
904 |i Bằng 
980 |a Trung tâm Học liệu Trường Đại học Cần Thơ